Teatro Latinoamericano : (Record no. 92588)
[ view plain ]
| 000 -LEADER | |
|---|---|
| fixed length control field | 00745nam a22002177a 4500 |
| 005 - DATE AND TIME OF LATEST TRANSACTION | |
| control field | 20150506101806.0 |
| 008 - FIXED-LENGTH DATA ELEMENTS--GENERAL INFORMATION | |
| fixed length control field | 150506b fr||||| |||| 00| 0 spad |
| 020 ## - INTERNATIONAL STANDARD BOOK NUMBER | |
| International Standard Book Number | 2907183206 |
| 050 04 - LIBRARY OF CONGRESS CALL NUMBER | |
| Classification number | PN2309 |
| Item number | O27 2000 |
| 100 1# - MAIN ENTRY--PERSONAL NAME | |
| Personal name | Obregón, Osvaldo |
| 245 10 - TITLE STATEMENT | |
| Title | Teatro Latinoamericano : |
| Remainder of title | un caleidoscopio culturtal (1930-1990) / |
| Statement of responsibility, etc | Osvaldo Obregón ; Préface Daniel Meyran |
| 250 ## - EDITION STATEMENT | |
| Edition statement | 1a ed. |
| 260 ## - PUBLICATION, DISTRIBUTION, ETC. (IMPRINT) | |
| Place of publication, distribution, etc | Perpigna, Francia : |
| Name of publisher, distributor, etc | Presses Universitaires de Perpignan, |
| Date of publication, distribution, etc | 2000 |
| 300 ## - PHYSICAL DESCRIPTION | |
| Extent | 375 p. ; |
| Dimensions | 21 cm. |
| 440 #0 - SERIES STATEMENT/ADDED ENTRY--TITLE | |
| Title | Marges ; |
| Volume number/sequential designation | 20 |
| 504 ## - BIBLIOGRAPHY, ETC. NOTE | |
| Bibliography, etc | Incluye referencias bibliograficas e índice |
| 650 #4 - SUBJECT ADDED ENTRY--TOPICAL TERM | |
| Topical term or geographic name as entry element | Teatro Latinoamericano |
| 650 #4 - SUBJECT ADDED ENTRY--TOPICAL TERM | |
| Topical term or geographic name as entry element | Teatro |
| General subdivision | Ensayos, Conferencias, etc. |
| 700 1# - ADDED ENTRY--PERSONAL NAME | |
| Personal name | Meyran, Daniel, |
| Fuller form of name | pref. |
| 942 ## - ADDED ENTRY ELEMENTS (KOHA) | |
| Source of classification or shelving scheme | Biblioteca del Cogreso de los Estados Unidos |
| Koha item type | Libro |
| Estado de pérdida | Fuente de clasificación | Estado del daño | No para préstamo | Ubicación permanente | Ubicación actual | Apartado o colección | Fecha de adquisición | Fuente de adquisición | Edición | Enumeración de Serie / Cronológica | Área del conocimiento | Clasificación | Código de Barras | Date last seen | Número de copia | Tipo de recurso | Nota pública |
|---|---|---|---|---|---|---|---|---|---|---|---|---|---|---|---|---|---|
| Biblioteca del Cogreso de los Estados Unidos | Biblioteca de la Facultad de Letras | Biblioteca de la Facultad de Letras | General | 06/05/2015 | Donación | 1a ed. | LLH000006219 | Educación y Humanidades | PN2309 O27 2000 | LLH000006219 | 06/05/2015 | C.1 | Libro | General |